| 000 | 01746nam2a2200217 4500 | ||
|---|---|---|---|
| 001 | RU\NLR\BIBL_A\011539845 | ||
| 005 | 20250626085944.0 | ||
| 035 | _a(NLR Aleph) 011539845 | ||
| 090 |
_a12189332 _c12189332 |
||
| 100 | _a20171127d2017 |||y0rusy50 ca | ||
| 101 | 0 | _arus | |
| 102 | _aRU | ||
| 105 | _aa|||z|||000zy | ||
| 200 | 0 |
_a...в январе - августе 2017 года _e(экономический доклад в таблицах) _fУправление Федеральной службы государственной статистики по г. Санкт-Петербургу и Ленинградской области Петростат) |
|
| 210 |
_aСанкт-Петербург _cУправление Федеральной службы государственной статистики по г. Санкт-Петербургу и Ленинградской области _d2017 |
||
| 215 |
_a179 с. _cил. |
||
| 461 | 0 |
_1001RU\NLR\bibl\9260 _12001#$aСоциально-экономическое положение Санкт-Петербурга и Ленинградской области ...$f[Госкомстат России, С.-Петерб. ком. гос. статистики]$v...в январе - августе 2017 года _929324 _cСПб. _d1998 _f[Госкомстат России, С.-Петерб. ком. гос. статистики] _nПетербургкомстат _tСоциально-экономическое положение Санкт-Петербурга и Ленинградской области ... _v...в январе - августе 2017 года |
|
| 942 | _cBOOK | ||
| 980 | _aNB | ||